JD Vance and the Catholic postliberals (notice n° 1506778)

détails MARC
000 -LEADER
fixed length control field 01192cam a2200169 4500500
005 - DATE AND TIME OF LATEST TRANSACTION
control field 20250921003724.0
041 ## - LANGUAGE CODE
Language code of text/sound track or separate title fre
042 ## - AUTHENTICATION CODE
Authentication code dc
100 10 - MAIN ENTRY--PERSONAL NAME
Personal name Patterson, James
Relator term author
245 00 - TITLE STATEMENT
Title JD Vance and the Catholic postliberals
260 ## - PUBLICATION, DISTRIBUTION, ETC.
Date of publication, distribution, etc. 2025.<br/>
500 ## - GENERAL NOTE
General note 4
520 ## - SUMMARY, ETC.
Summary, etc. James Patterson and Thomas Howes, young American researchers and Catholics who identify with Reagan conservatism, have observed the rise of "Catholic postliberalism" within the religious right. At a time when this fringe current, represented in government by Vice President JD Vance, has assumed decisive political importance, Patterson and Howes have embarked on a historical and theological investigation into the past experiences of Catholic postliberalism. Before a second installment in which Howes reconsiders the movement's theological and spiritual substratum, Patterson looks back at the history of Catholic postliberalism in the twentieth century and its echoes in contemporary America.
700 10 - ADDED ENTRY--PERSONAL NAME
Personal name Gautier, Benoît
Relator term author
786 0# - DATA SOURCE ENTRY
Note Études | Mai | 5 | 2025-04-24 | p. 7-17 | 0014-1941
856 41 - ELECTRONIC LOCATION AND ACCESS
Uniform Resource Identifier <a href="https://shs.cairn.info/journal-etudes-2025-5-page-7?lang=en&redirect-ssocas=7080">https://shs.cairn.info/journal-etudes-2025-5-page-7?lang=en&redirect-ssocas=7080</a>

Pas d'exemplaire disponible.

PLUDOC

PLUDOC est la plateforme unique et centralisée de gestion des bibliothèques physiques et numériques de Guinée administré par le CEDUST. Elle est la plus grande base de données de ressources documentaires pour les Étudiants, Enseignants chercheurs et Chercheurs de Guinée.

Adresse

627 919 101/664 919 101

25 boulevard du commerce
Kaloum, Conakry, Guinée

Réseaux sociaux

Powered by Netsen Group @ 2025